000 00666nam a2200289Ia 4500
005 20260324123649.0
008 008 260324s9999 xx 000 0 eng d
020 _a9780203818879
037 _aEBOOK
040 _aCRL
040 _beng
040 _cCRL
041 _2eng
041 _aeng
084 _qCRL
100 _aMary Addenbrooke
_91171168
245 0 _aSurvivors of Addiction
245 0 _bNarratives of Recovery
260 _bTaylor and Francis
260 _c2011
365 _a
365 _b170
856 _uhttp://www.taylorfrancis.com/books/9780203818879
942 _cEBOOK
999 _c1764889
_d1764889